[Event "30PCR_F"]
[Site "?"]
[Date "2014.10.27"]
[Round "?"]
[White "Lucan, Zdenko"]
[Black "Kepsta, Martin"]
[Result "0-1"]
[WhiteElo "1611"]
[BlackElo "1900"]
[PlyCount "66"]
[EventDate "2014.??.??"]
[EventType "corr"]
[EventRounds "2"]
[SourceDate "2010.08.23"]

1. Nf3 d5 2. c4 e6 3. cxd5 exd5 4. d4 Nf6 5. Bg5 Be7 6. e3 h6 7. Bxf6 Bxf6 8.
Bb5+ c6 9. Bd3 Bg4 10. Be2 O-O 11. O-O Re8 12. h3 Bh5 13. Nbd2 Nd7 14. Nh2 Bxe2
15. Qxe2 Bxd4 16. Nb3 Bb6 17. Rad1 Nf6 18. Nd4 Bxd4 19. Rxd4 c5 20. Rdd1 a6 21.
f3 Qe7 22. Ng4 Nxg4 23. fxg4 d4 24. Rf3 b5 25. Rd3 Rad8 26. b3 c4 27. bxc4 bxc4
28. Rd1 d3 29. Qd2 Qc5 30. Qc3 Rxe3 31. Rf2 Re2 32. Rdf1 Rxf2 33. Rxf2 d2 0-1

[Event "30PCR_F"]
[Site "?"]
[Date "2014.10.27"]
[Round "?"]
[White "Smolka, Jan"]
[Black "Svoboda, Josef"]
[Result "1-0"]
[WhiteElo "2242"]
[BlackElo "1915"]
[PlyCount "67"]
[EventDate "2014.??.??"]
[EventType "corr"]
[EventRounds "2"]
[SourceDate "2010.08.23"]

1. e4 c5 2. Nf3 Nc6 3. d4 cxd4 4. Nxd4 d6 5. Nc3 Nf6 6. Bg5 Bd7 7. Bxf6 gxf6 8.
Be2 e6 9. O-O a6 10. Qd2 Rg8 11. g3 Qb6 12. Nb3 Rc8 13. Rad1 Ne5 14. Qc1 Ke7
15. a4 Ke8 16. a5 Qc7 17. f4 Nc6 18. f5 Nxa5 19. fxe6 fxe6 20. Rxf6 Be7 21. Qh6
Nxb3 22. Rf7 Qc5+ 23. Kg2 Rf8 24. Rxf8+ Bxf8 25. Bh5+ Kd8 26. Qxf8+ Kc7 27. Qg7
Qxh5 28. cxb3 Re8 29. Rd4 b5 30. Rd2 b4 31. Na4 Qb5 32. Qd4 Qc6 33. Qd3 Kd8 34.
Qxd6 1-0

[Event "30PCR_F"]
[Site "?"]
[Date "2014.10.27"]
[Round "?"]
[White "Goc, Pavel"]
[Black "Farny, Miroslav"]
[Result "1/2-1/2"]
[WhiteElo "2241"]
[BlackElo "2097"]
[PlyCount "38"]
[EventDate "2014.??.??"]
[EventType "corr"]
[EventRounds "2"]
[SourceDate "2010.08.23"]

1. e4 c6 2. d4 d5 3. Nc3 dxe4 4. Nxe4 Nd7 5. Ng5 Ngf6 6. Bd3 e6 7. N1f3 Bd6 8.
Qe2 h6 9. Ne4 Nxe4 10. Qxe4 Nf6 11. Qh4 Rg8 12. Nd2 Bc7 13. O-O g5 14. Qxh6 Ng4
15. Qh7 Bxh2+ 16. Kh1 Ke7 17. Ne4 Bf4 18. Bxf4 gxf4 19. Kg1 Rh8 1/2-1/2

[Event "30PCR_F"]
[Site "?"]
[Date "2014.10.27"]
[Round "?"]
[White "Chvojka, Jaroslav"]
[Black "Fejfar, Vlastimil"]
[Result "1-0"]
[WhiteElo "2241"]
[BlackElo "2160"]
[PlyCount "59"]
[EventDate "2014.??.??"]
[EventType "corr"]
[EventRounds "2"]
[SourceDate "2010.08.23"]

1. d4 b5 2. e4 a6 3. f3 e6 4. a4 bxa4 5. Nh3 d5 6. Rxa4 Nf6 7. Nc3 Bd7 8. Ra1
Bb4 9. e5 Ng8 10. Be3 Ne7 11. Be2 Nf5 12. Bf2 O-O 13. Bd3 Nc6 14. Bxf5 Bxc3+
15. bxc3 exf5 16. Nf4 Bc8 17. Qe2 f6 18. O-O Re8 19. Qd2 g5 20. Nh5 fxe5 21.
dxe5 Rxe5 22. f4 gxf4 23. Qxf4 Qd6 24. c4 d4 25. Bh4 Qg6 26. Nf6+ Kh8 27. Rae1
Bb7 28. Nd5 Rxe1 29. Rxe1 Rc8 30. Bf6+ 1-0

[Event "30PCR_F"]
[Site "?"]
[Date "2014.10.27"]
[Round "?"]
[White "Farny, Miroslav"]
[Black "Chvojka, Jaroslav"]
[Result "0-1"]
[WhiteElo "2097"]
[BlackElo "2241"]
[PlyCount "28"]
[EventDate "2014.??.??"]
[EventType "corr"]
[EventRounds "2"]
[SourceDate "2010.08.23"]

1. e4 e6 2. d3 d5 3. Nd2 Nf6 4. exd5 exd5 5. Ngf3 Bd6 6. Be2 O-O 7. O-O h6 8.
c4 Nc6 9. cxd5 Nxd5 10. a3 Nf4 11. Ne4 Nxe2+ 12. Qxe2 Bg4 13. h3 Nd4 14. Qd1
Nxf3+ 0-1

[Event "30PCR_F"]
[Site "?"]
[Date "2014.10.27"]
[Round "?"]
[White "Svoboda, Josef"]
[Black "Goc, Pavel"]
[Result "0-1"]
[WhiteElo "1915"]
[BlackElo "2241"]
[PlyCount "26"]
[EventDate "2014.??.??"]
[EventType "corr"]
[EventRounds "2"]
[SourceDate "2010.08.23"]

1. e4 e5 2. Nf3 Nc6 3. Bb5 a6 4. Ba4 Nf6 5. O-O Be7 6. Bxc6 dxc6 7. Nc3 Bg4 8.
d3 O-O 9. h3 Bh5 10. g4 Nxg4 11. hxg4 Bxg4 12. Qe2 Qc8 13. Qe3 Bh3 0-1

[Event "30PCR_F"]
[Site "?"]
[Date "2014.10.27"]
[Round "?"]
[White "Kepsta, Martin"]
[Black "Smolka, Jan"]
[Result "0-1"]
[WhiteElo "1900"]
[BlackElo "2242"]
[PlyCount "62"]
[EventDate "2014.??.??"]
[EventType "corr"]
[EventRounds "2"]
[SourceDate "2010.08.23"]

1. d4 Nf6 2. c4 g6 3. Nc3 d5 4. cxd5 Nxd5 5. e4 Nxc3 6. bxc3 Bg7 7. Qa4+ Nd7 8.
Nf3 O-O 9. Be2 c5 10. Be3 Nf6 11. Qc2 Qc7 12. O-O cxd4 13. Bxd4 b6 14. Bd3 Nh5
15. Bxg7 Kxg7 16. Rfe1 Bg4 17. Nd4 e5 18. Ne2 Rfd8 19. f3 Be6 20. g4 Nf6 21.
Ng3 Rac8 22. Rac1 Qc5+ 23. Kh1 h6 24. h4 Qa3 25. Rg1 Qxa2 26. Nf5+ Kf8 27. Qxa2
Bxa2 28. Ba6 gxf5 29. Bxc8 Rxc8 30. exf5 Bd5 31. Kg2 Nxg4 0-1

[Event "30PCR_F"]
[Site "?"]
[Date "2014.10.27"]
[Round "?"]
[White "Stepan, Josef"]
[Black "Lucan, Zdenko"]
[Result "1/2-1/2"]
[WhiteElo "1870"]
[BlackElo "1611"]
[PlyCount "57"]
[EventDate "2014.??.??"]
[EventType "corr"]
[EventRounds "2"]
[SourceDate "2010.08.23"]

1. e4 d5 2. exd5 Nf6 3. d4 Nxd5 4. c4 Nb4 5. Nf3 N4a6 6. Bd3 c6 7. O-O e6 8. a3
Nd7 9. Nc3 Be7 10. Re1 Nc7 11. Bf4 Nf6 12. h3 O-O 13. Qd2 Nh5 14. Be3 g6 15.
Rad1 Ne8 16. Bh6 Neg7 17. d5 cxd5 18. cxd5 exd5 19. Nxd5 Bd6 20. Bb5 Bd7 21.
Bg5 f6 22. Nxf6+ Nxf6 23. Bc4+ Be6 24. Bxe6+ Nxe6 25. Rxe6 Be7 26. Qe2 Qe8 27.
Rxe7 Qc6 28. Ne5 Rac8 29. Nxc6 1/2-1/2

[Event "30PCR_F"]
[Site "?"]
[Date "2014.10.27"]
[Round "?"]
[White "Kyzlink, Vladimir"]
[Black "Vins, Karel"]
[Result "1-0"]
[WhiteElo "1861"]
[BlackElo "1721"]
[PlyCount "33"]
[EventDate "2014.??.??"]
[EventType "corr"]
[EventRounds "2"]
[SourceDate "2010.08.23"]

1. e4 e5 2. Nf3 d6 3. d4 Nd7 4. Bc4 c6 5. O-O Be7 6. c3 Ngf6 7. Qb3 Nxe4 8.
Bxf7+ Kf8 9. Bh5 g6 10. Bh6+ Ke8 11. Bg4 Bf8 12. Bxf8 Kxf8 13. Bxd7 Qxd7 14.
Re1 Nf6 15. dxe5 dxe5 16. Nxe5 Nd5 17. Nxd7+ 1-0

[Event "30PCR_F"]
[Site "?"]
[Date "2014.10.27"]
[Round "?"]
[White "Pressl, Ladislav"]
[Black "Ptacek, Jiri"]
[Result "1-0"]
[WhiteElo "1823"]
[BlackElo "1783"]
[PlyCount "59"]
[EventDate "2014.??.??"]
[EventType "corr"]
[EventRounds "2"]
[SourceDate "2010.08.23"]

1. d4 d5 2. c4 dxc4 3. Nf3 Nf6 4. Nc3 a6 5. a4 e6 6. e4 Bb4 7. Bg5 Be7 8. Bxc4
h6 9. Bf4 Bb4 10. Qc2 Bxc3+ 11. bxc3 c6 12. O-O O-O 13. Rfe1 Nh7 14. Qd2 h5 15.
e5 f6 16. exf6 Qxf6 17. Be5 Qe7 18. Qe3 b5 19. axb5 cxb5 20. Bxb5 Nd7 21. Bc6
Ra7 22. d5 Nxe5 23. Qxe5 Rf7 24. Qe3 Rc7 25. Nd4 Rf6 26. Qe5 Qf7 27. Be8 Qxe8
28. Qxc7 Rf7 29. Qe5 Qf8 30. dxe6 1-0

[Event "30PCR_F"]
[Site "?"]
[Date "2014.10.27"]
[Round "?"]
[White "Vins, Karel"]
[Black "Pressl, Ladislav"]
[Result "0-1"]
[WhiteElo "1721"]
[BlackElo "1823"]
[PlyCount "84"]
[EventDate "2014.??.??"]
[EventType "corr"]
[EventRounds "2"]
[SourceDate "2010.08.23"]

1. e4 c5 2. Nf3 Nc6 3. c3 e6 4. d4 cxd4 5. cxd4 d5 6. e5 Bd7 7. Bd2 Bb4 8. a3
Ba5 9. b4 Bb6 10. Bc3 Nge7 11. b5 Na5 12. Qc2 Rc8 13. Qb2 O-O 14. Bd3 Nc4 15.
Bxc4 dxc4 16. a4 Ba5 17. O-O Nd5 18. Rc1 Qb6 19. Bxa5 Qxa5 20. Nc3 Rfd8 21.
Rab1 Nxc3 22. Qxc3 Qxa4 23. Ra1 Qxb5 24. Rxa7 Rc7 25. Qc2 Qb6 26. Ra3 Rdc8 27.
Rb1 Qc6 28. Rc3 h6 29. h3 b5 30. Rb4 Qd5 31. Ne1 Ra8 32. Qd2 Bc6 33. Rb1 Qd7
34. f3 Rca7 35. Qe3 Ra4 36. Nc2 Qe7 37. Ne1 Ra2 38. Nc2 R8a4 39. Ne1 Rb4 40.
Rxb4 Qxb4 41. Qc1 Rb2 42. Qe3 Re2 0-1

[Event "30PCR_F"]
[Site "?"]
[Date "2014.10.27"]
[Round "?"]
[White "Lucan, Zdenko"]
[Black "Kyzlink, Vladimir"]
[Result "0-1"]
[WhiteElo "1611"]
[BlackElo "1861"]
[PlyCount "62"]
[EventDate "2014.??.??"]
[EventType "corr"]
[EventRounds "2"]
[SourceDate "2010.08.23"]

1. b4 d5 2. Bb2 Nf6 3. Bxf6 exf6 4. c3 c6 5. e3 Bd6 6. Be2 O-O 7. Nf3 a5 8.
bxa5 Qxa5 9. Qc2 b6 10. Bd3 h6 11. O-O Re8 12. Nd4 b5 13. Nf5 Bc5 14. Ng3 Nd7
15. Bf5 Nf8 16. Bxc8 Raxc8 17. d4 Be7 18. Nd2 Ra8 19. Rfc1 Ne6 20. Nb3 Qc7 21.
Nf5 Bf8 22. Rf1 g6 23. Nh4 Bg7 24. g3 Ng5 25. Nd2 f5 26. Nhf3 Ne4 27. Nxe4 fxe4
28. Nh4 Ra3 29. Ng2 Qa5 30. Rfc1 Ra8 31. Nf4 Rxa2 0-1

[Event "30PCR_F"]
[Site "?"]
[Date "2014.10.27"]
[Round "?"]
[White "Smolka, Jan"]
[Black "Stepan, Josef"]
[Result "1/2-1/2"]
[WhiteElo "2242"]
[BlackElo "1870"]
[PlyCount "90"]
[EventDate "2014.??.??"]
[EventType "corr"]
[EventRounds "2"]
[SourceDate "2010.08.23"]

1. e4 c5 2. f4 e5 3. Nf3 exf4 4. Bc4 Nc6 5. d4 Nxd4 6. Nc3 Ne6 7. Bxe6 dxe6 8.
Qxd8+ Kxd8 9. Bxf4 Bd7 10. Ne5 Be8 11. Rd1+ Kc8 12. O-O Nf6 13. a4 Nd7 14. Nc4
f6 15. Nd6+ Bxd6 16. Rxd6 e5 17. Be3 b6 18. Rfd1 Rb8 19. Nb5 Rb7 20. R6d3 Kd8
21. Nd6 Rc7 22. a5 Bh5 23. g4 Bxg4 24. Ra1 Ke7 25. Nb5 Rb7 26. a6 Rbb8 27. Kf2
c4 28. Rc3 Be6 29. Nxa7 Ra8 30. Nb5 Rhc8 31. Rca3 Nc5 32. Nc3 Ra7 33. Rg1 g6
34. h4 Kd7 35. h5 g5 36. Nb5 Raa8 37. Nc3 Kc6 38. a7 Kb7 39. Rd1 Rc6 40. Bxc5
Rxc5 41. Rd6 Rc6 42. Nb5 h6 43. Rd2 c3 44. Rxc3 Rxc3 45. Nxc3 Re8 1/2-1/2

[Event "30PCR_F"]
[Site "?"]
[Date "2014.10.27"]
[Round "?"]
[White "Goc, Pavel"]
[Black "Kepsta, Martin"]
[Result "1-0"]
[WhiteElo "2241"]
[BlackElo "1900"]
[PlyCount "81"]
[EventDate "2014.??.??"]
[EventType "corr"]
[EventRounds "2"]
[SourceDate "2010.08.23"]

1. e4 e5 2. Nf3 Nc6 3. Bc4 Be7 4. d4 exd4 5. c3 d6 6. cxd4 Nf6 7. Nc3 h6 8. O-O
O-O 9. Bf4 Bg4 10. Be2 Re8 11. h3 Bxf3 12. Bxf3 Nh7 13. Nd5 Bg5 14. Bg3 Bf6 15.
Nxf6+ Qxf6 16. e5 dxe5 17. dxe5 Nxe5 18. Bxb7 Rad8 19. Qc2 Qb6 20. Be4 g6 21.
Rfd1 Rc8 22. Rd5 f5 23. Bxf5 Nf3+ 24. gxf3 gxf5 25. Rxf5 Qe6 26. Re5 Qf7 27.
Rxe8+ Rxe8 28. h4 Nf8 29. Qxc7 Re7 30. Qd6 Re6 31. Qd3 Rg6 32. b3 Qg7 33. Qd5+
Kh7 34. Rc1 Rxg3+ 35. fxg3 Qxg3+ 36. Kf1 Qh3+ 37. Ke2 Ne6 38. Qe4+ Kg7 39. Rg1+
Ng5 40. Qe5+ Kf7 41. hxg5 1-0

[Event "30PCR_F"]
[Site "?"]
[Date "2014.10.27"]
[Round "?"]
[White "Chvojka, Jaroslav"]
[Black "Svoboda, Josef"]
[Result "1-0"]
[WhiteElo "2241"]
[BlackElo "1915"]
[PlyCount "51"]
[EventDate "2014.??.??"]
[EventType "corr"]
[EventRounds "2"]
[SourceDate "2010.08.23"]

1. d4 Nf6 2. Nf3 e6 3. c4 Nc6 4. Nc3 Bb4 5. Bd2 d5 6. e3 Bxc3 7. Bxc3 Ne4 8.
Nd2 Nxc3 9. bxc3 O-O 10. Bd3 dxc4 11. Nxc4 e5 12. O-O exd4 13. cxd4 Be6 14. Qb1
Bxc4 15. Bxc4 Rb8 16. Rd1 g6 17. Qb2 Qf6 18. Rac1 Rfd8 19. Bf1 Rd6 20. Rd3 a6
21. Rdc3 Qe6 22. g3 Rdd8 23. Bg2 Qe8 24. Qb3 Rd6 25. d5 Ne7 26. Rxc7 1-0

[Event "30PCR_F"]
[Site "?"]
[Date "2014.10.27"]
[Round "?"]
[White "Fejfar, Vlastimil"]
[Black "Farny, Miroslav"]
[Result "1-0"]
[WhiteElo "2160"]
[BlackElo "2097"]
[PlyCount "37"]
[EventDate "2014.??.??"]
[EventType "corr"]
[EventRounds "2"]
[SourceDate "2010.08.23"]

1. e4 e5 2. Nf3 Nc6 3. Bb5 d6 4. d4 Bd7 5. O-O a6 6. Bxc6 Bxc6 7. Nc3 f6 8. Be3
exd4 9. Nxd4 Qd7 10. a4 g6 11. b4 b6 12. Nxc6 Qxc6 13. Nd5 Qb7 14. Bd4 Ne7 15.
Nxf6+ Kd8 16. Ng4 Rg8 17. Qf3 Rb8 18. Qf7 c6 19. Nf6 1-0

[Event "30PCR_F"]
[Site "?"]
[Date "2014.10.27"]
[Round "?"]
[White "Svoboda, Josef"]
[Black "Fejfar, Vlastimil"]
[Result "0-1"]
[WhiteElo "1915"]
[BlackElo "2160"]
[PlyCount "70"]
[EventDate "2014.??.??"]
[EventType "corr"]
[EventRounds "2"]
[SourceDate "2010.08.23"]

1. d4 Nf6 2. c4 e6 3. Nf3 d5 4. cxd5 exd5 5. e3 Bd6 6. Bb5+ c6 7. Bd3 O-O 8.
O-O Bg4 9. Nbd2 Nbd7 10. Qb3 Qc7 11. Qc2 c5 12. h3 Bxf3 13. Nxf3 c4 14. Bf5 g6
15. Bxd7 Qxd7 16. Bd2 Ne4 17. Rac1 Rae8 18. Ba5 f5 19. Bc3 b5 20. Rfe1 Re6 21.
Ba5 b4 22. a3 bxa3 23. bxa3 Bxa3 24. Rb1 Bd6 25. Bb4 Bxb4 26. Rxb4 Rb6 27. Ne5
Qb7 28. Rbb1 Rb8 29. Rxb6 axb6 30. Rd1 b5 31. f3 Nd6 32. Qb1 b4 33. Kf2 Kg7 34.
h4 b3 35. h5 Ra8 0-1

[Event "30PCR_F"]
[Site "?"]
[Date "2014.10.27"]
[Round "?"]
[White "Kepsta, Martin"]
[Black "Chvojka, Jaroslav"]
[Result "0-1"]
[WhiteElo "1900"]
[BlackElo "2241"]
[PlyCount "50"]
[EventDate "2014.??.??"]
[EventType "corr"]
[EventRounds "2"]
[SourceDate "2010.08.23"]

1. d4 Nf6 2. c4 c5 3. Nf3 cxd4 4. Nxd4 e5 5. Nf3 e4 6. Nd4 Nc6 7. e3 Bc5 8.
Nxc6 bxc6 9. Be2 O-O 10. O-O d5 11. cxd5 cxd5 12. Nc3 Be6 13. a3 a6 14. f4 Qd7
15. b4 Ba7 16. Kh1 Rfc8 17. Na4 d4 18. exd4 Qxd4 19. Rb1 Qxd1 20. Rxd1 Ng4 21.
Bxg4 Bxg4 22. Re1 Bf2 23. Rf1 e3 24. Bxe3 Bxe3 25. h3 Bd7 0-1

[Event "30PCR_F"]
[Site "?"]
[Date "2014.10.27"]
[Round "?"]
[White "Stepan, Josef"]
[Black "Goc, Pavel"]
[Result "1/2-1/2"]
[WhiteElo "1870"]
[BlackElo "2241"]
[PlyCount "64"]
[EventDate "2014.??.??"]
[EventType "corr"]
[EventRounds "2"]
[SourceDate "2010.08.23"]

1. e4 e5 2. Nf3 Nc6 3. Bb5 a6 4. Bxc6 dxc6 5. d3 Bd6 6. O-O Ne7 7. d4 exd4 8.
Qxd4 O-O 9. e5 Nf5 10. Qd2 Bc5 11. Rd1 Qxd2 12. Nbxd2 Rd8 13. Re1 h6 14. Ne4
Bb6 15. c3 Be6 16. g4 Ne7 17. h3 Rd3 18. Be3 Bd5 19. Ned2 Bxe3 20. Rxe3 Rxe3
21. fxe3 Rd8 22. Kf2 Bxf3 23. Nxf3 Ng6 24. h4 Re8 25. Rd1 Nxe5 26. Nxe5 Rxe5
27. Rd8+ Kh7 28. Rd7 f5 29. Kf3 fxg4+ 30. Kxg4 Re4+ 31. Kf3 Rxh4 32. Rxc7 Ra4
1/2-1/2

[Event "30PCR_F"]
[Site "?"]
[Date "2014.10.27"]
[Round "?"]
[White "Kyzlink, Vladimir"]
[Black "Smolka, Jan"]
[Result "0-1"]
[WhiteElo "1861"]
[BlackElo "2242"]
[PlyCount "48"]
[EventDate "2014.??.??"]
[EventType "corr"]
[EventRounds "2"]
[SourceDate "2010.08.23"]

1. e4 e5 2. Nf3 Nc6 3. Bc4 Nf6 4. Ng5 d5 5. exd5 Na5 6. d3 h6 7. Nf3 e4 8. Qe2
Nxc4 9. dxc4 Bc5 10. Bf4 O-O 11. Nfd2 Bg4 12. Qf1 Qe7 13. Be3 c6 14. Bxc5 Qxc5
15. Nb3 Qd6 16. h3 Bh5 17. g4 Bg6 18. Nc3 cxd5 19. cxd5 a5 20. Rd1 a4 21. Nd4
a3 22. b3 Rfc8 23. Ndb5 Qe5 24. Qe2 Rxc3 0-1

[Event "30PCR_F"]
[Site "?"]
[Date "2014.10.27"]
[Round "?"]
[White "Pressl, Ladislav"]
[Black "Lucan, Zdenko"]
[Result "1-0"]
[WhiteElo "1823"]
[BlackElo "1611"]
[PlyCount "37"]
[EventDate "2014.??.??"]
[EventType "corr"]
[EventRounds "2"]
[SourceDate "2010.08.23"]

1. e4 Nf6 2. e5 Nd5 3. c4 Nb6 4. Nc3 d6 5. exd6 exd6 6. d4 Be7 7. Nf3 Bg4 8.
Be2 Bxf3 9. gxf3 O-O 10. Be3 N8d7 11. Qd2 a6 12. a4 c6 13. b4 Nf6 14. Rg1 g5
15. h4 h6 16. hxg5 hxg5 17. Bxg5 Kh8 18. Bxf6+ Kh7 19. Bd3# 1-0

[Event "30PCR_F"]
[Site "?"]
[Date "2014.10.27"]
[Round "?"]
[White "Ptacek, Jiri"]
[Black "Vins, Karel"]
[Result "1/2-1/2"]
[WhiteElo "1783"]
[BlackElo "1721"]
[PlyCount "54"]
[EventDate "2014.??.??"]
[EventType "corr"]
[EventRounds "2"]
[SourceDate "2010.08.23"]

1. Nf3 Nf6 2. d4 d5 3. Nc3 Nc6 4. Bf4 a6 5. e3 Nh5 6. Ne5 Nxf4 7. Nxc6 bxc6 8.
exf4 e6 9. a3 c5 10. g3 c4 11. Bg2 Rb8 12. Rb1 Bd7 13. O-O c5 14. Re1 Be7 15.
dxc5 O-O 16. Qd4 Qc7 17. Qd2 Bxc5 18. Ne2 Bc6 19. Nd4 Rb7 20. Nxc6 Qxc6 21. c3
Rfb8 22. b4 Be7 23. h4 Qd7 24. Kh2 Bf6 25. Qc2 g6 26. Bf3 Rd8 27. Rbd1 Rb6
1/2-1/2

[Event "30PCR_F"]
[Site "?"]
[Date "2014.10.27"]
[Round "?"]
[White "Lucan, Zdenko"]
[Black "Ptacek, Jiri"]
[Result "1/2-1/2"]
[WhiteElo "1611"]
[BlackElo "1783"]
[PlyCount "81"]
[EventDate "2014.??.??"]
[EventType "corr"]
[EventRounds "2"]
[SourceDate "2010.08.23"]

1. g3 e5 2. Bg2 Nf6 3. d3 Bc5 4. e4 h6 5. Be3 Bxe3 6. fxe3 O-O 7. Nf3 d6 8. O-O
Bg4 9. Nbd2 Nc6 10. h3 Bxf3 11. Nxf3 Qd7 12. c3 Rfe8 13. Nh2 Rab8 14. Ng4 Nxg4
15. Qxg4 Qxg4 16. hxg4 f6 17. a3 Rf8 18. Rad1 g5 19. b4 b5 20. Kf2 Kg7 21. Ke2
Ne7 22. d4 exd4 23. cxd4 Ng6 24. Rf2 Rf7 25. Rdf1 Rbf8 26. Rf5 a6 27. Bh3 Ne7
28. R5f2 Nc8 29. Bg2 Nb6 30. Kd3 Nc4 31. Ra1 Re7 32. a4 Nb6 33. a5 Nc4 34. Raa2
d5 35. e5 fxe5 36. Rxf8 Kxf8 37. Bxd5 Nd6 38. dxe5 Rxe5 39. e4 Re7 40. Rf2+ Kg7
41. Rc2 1/2-1/2

[Event "30PCR_F"]
[Site "?"]
[Date "2014.10.27"]
[Round "?"]
[White "Smolka, Jan"]
[Black "Pressl, Ladislav"]
[Result "1-0"]
[WhiteElo "2242"]
[BlackElo "1823"]
[PlyCount "45"]
[EventDate "2014.??.??"]
[EventType "corr"]
[EventRounds "2"]
[SourceDate "2010.08.23"]

1. e4 c5 2. f4 d6 3. Nf3 Bg4 4. Bb5+ Nd7 5. Nc3 Ngf6 6. O-O e6 7. h3 Bxf3 8.
Qxf3 a6 9. Be2 Qc7 10. f5 Be7 11. fxe6 fxe6 12. Qg3 O-O 13. Bc4 Nb6 14. Bxe6+
Kh8 15. d3 Nh5 16. Rxf8+ Rxf8 17. Qg4 Nf6 18. Qe2 Rd8 19. Bd2 d5 20. e5 Nfd7
21. Bxd5 c4 22. dxc4 Nxe5 23. Re1 1-0

[Event "30PCR_F"]
[Site "?"]
[Date "2014.10.27"]
[Round "?"]
[White "Goc, Pavel"]
[Black "Kyzlink, Vladimir"]
[Result "1-0"]
[WhiteElo "2241"]
[BlackElo "1861"]
[PlyCount "35"]
[EventDate "2014.??.??"]
[EventType "corr"]
[EventRounds "2"]
[SourceDate "2010.08.23"]

1. d4 Nf6 2. Nf3 c6 3. Bg5 Ng4 4. e4 Qb6 5. Nbd2 d5 6. Bd3 Qxb2 7. O-O f6 8.
Bh4 e5 9. h3 dxe4 10. Bxe4 Nh6 11. dxe5 Be7 12. Nc4 Qb4 13. Qd3 Nd7 14. Rab1
Qa4 15. Bxh7 Kf8 16. Nd6 Nc5 17. exf6 Nxd3 18. fxe7# 1-0

[Event "30PCR_F"]
[Site "?"]
[Date "2014.10.27"]
[Round "?"]
[White "Chvojka, Jaroslav"]
[Black "Stepan, Josef"]
[Result "1/2-1/2"]
[WhiteElo "2241"]
[BlackElo "1870"]
[PlyCount "62"]
[EventDate "2014.??.??"]
[EventType "corr"]
[EventRounds "2"]
[SourceDate "2010.08.23"]

1. d4 Nf6 2. Nf3 d5 3. c4 e6 4. Nc3 Be7 5. Bf4 O-O 6. e3 Nc6 7. Rc1 h6 8. a3
Nh5 9. Be5 g6 10. Be2 Nxe5 11. Nxe5 Nf6 12. O-O c6 13. Qc2 Kg7 14. f4 Nd7 15.
Nf3 f5 16. Bd3 b6 17. cxd5 exd5 18. h3 a5 19. g4 fxg4 20. hxg4 Nf6 21. Ne5 Nxg4
22. Nxc6 Qd7 23. Nxe7 Nxe3 24. Qh2 Nxf1 25. Qe2 Nd2 26. Qe5+ Rf6 27. Kf2 Nc4
28. Bxc4 dxc4 29. Ncd5 Qd6 30. Nxf6 Qxf6 31. Rxc4 Bg4 1/2-1/2

[Event "30PCR_F"]
[Site "?"]
[Date "2014.10.27"]
[Round "?"]
[White "Fejfar, Vlastimil"]
[Black "Kepsta, Martin"]
[Result "1-0"]
[WhiteElo "2160"]
[BlackElo "1900"]
[PlyCount "63"]
[EventDate "2014.??.??"]
[EventType "corr"]
[EventRounds "2"]
[SourceDate "2010.08.23"]

1. e4 e5 2. Nf3 Nc6 3. Bc4 Be7 4. d4 exd4 5. Nxd4 Ne5 6. Bb3 d6 7. f4 Ng6 8.
Nc3 Bh4+ 9. g3 Bf6 10. Be3 c6 11. Qh5 Nh6 12. h3 c5 13. Nde2 O-O 14. O-O-O Be6
15. Bxe6 fxe6 16. f5 exf5 17. Bxh6 gxh6 18. exf5 Ne7 19. g4 d5 20. Kb1 d4 21.
Qxh6 Qb6 22. Ne4 d3 23. Nxf6+ Rxf6 24. Qg5+ Kh8 25. Rxd3 Rg8 26. Qh4 Nc8 27.
Rd7 Rh6 28. Qg3 Qf6 29. Rhd1 b5 30. Qc7 Qc6 31. Rxh7+ Rxh7 32. Qxc6 1-0

[Event "30PCR_F"]
[Site "?"]
[Date "2014.10.27"]
[Round "?"]
[White "Farny, Miroslav"]
[Black "Svoboda, Josef"]
[Result "1-0"]
[WhiteElo "2097"]
[BlackElo "1915"]
[PlyCount "39"]
[EventDate "2014.??.??"]
[EventType "corr"]
[EventRounds "2"]
[SourceDate "2010.08.23"]

1. e4 e5 2. f4 exf4 3. Nf3 g5 4. h4 g4 5. Ne5 d6 6. Nxg4 Be7 7. Nf2 Bxh4 8. d4
Bxf2+ 9. Kxf2 Qg5 10. Nc3 Bg4 11. Qd3 Nd7 12. Nd5 Qd8 13. Bxf4 Ngf6 14. Re1 h5
15. Bg5 Kf8 16. Qd2 c6 17. Nxf6 Nxf6 18. Qf4 Kg7 19. Bd3 Be6 20. Kg1 1-0

[Event "30PCR_F"]
[Site "?"]
[Date "2014.10.27"]
[Round "?"]
[White "Kepsta, Martin"]
[Black "Farny, Miroslav"]
[Result "1-0"]
[WhiteElo "1900"]
[BlackElo "2097"]
[PlyCount "47"]
[EventDate "2014.??.??"]
[EventType "corr"]
[EventRounds "2"]
[SourceDate "2010.08.23"]

1. d4 d5 2. c4 Nf6 3. Nc3 c6 4. cxd5 Nxd5 5. e4 Nxc3 6. bxc3 e6 7. Nf3 Be7 8.
Be2 Bd7 9. e5 Qc7 10. O-O h6 11. h3 Na6 12. Bxa6 bxa6 13. Nd2 Rb8 14. Ne4 Qb7
15. Qg4 g6 16. Nd6+ Bxd6 17. exd6 Bc8 18. Qh4 Qd7 19. Qf6 Rh7 20. Ba3 Rb7 21.
c4 Kf8 22. Rab1 Rxb1 23. Rxb1 Ke8 24. Rb8 1-0

[Event "30PCR_F"]
[Site "?"]
[Date "2014.10.27"]
[Round "?"]
[White "Stepan, Josef"]
[Black "Fejfar, Vlastimil"]
[Result "1-0"]
[WhiteElo "1870"]
[BlackElo "2160"]
[PlyCount "63"]
[EventDate "2014.??.??"]
[EventType "corr"]
[EventRounds "2"]
[SourceDate "2010.08.23"]

1. e4 e5 2. Nf3 Nc6 3. Bb5 Nf6 4. O-O Be7 5. Re1 d6 6. d4 Bd7 7. d5 Nb8 8. Bc4
O-O 9. Nc3 a6 10. a3 b5 11. Be2 c6 12. Be3 Ng4 13. Bd2 c5 14. h3 Nf6 15. b4 Qc7
16. Bd3 c4 17. Bf1 a5 18. a4 axb4 19. Nxb5 Qc5 20. Be3 Qc8 21. Nd2 Bxb5 22.
axb5 Rxa1 23. Qxa1 c3 24. Nc4 Nxe4 25. Qa4 Nf6 26. Nb6 Qf5 27. Bd3 e4 28. Bc4
Nbd7 29. Nxd7 Qxd7 30. Qxb4 Qb7 31. Bd4 Nxd5 32. Bxd5 1-0

[Event "30PCR_F"]
[Site "?"]
[Date "2014.10.27"]
[Round "?"]
[White "Kyzlink, Vladimir"]
[Black "Chvojka, Jaroslav"]
[Result "0-1"]
[WhiteElo "1861"]
[BlackElo "2241"]
[PlyCount "38"]
[EventDate "2014.??.??"]
[EventType "corr"]
[EventRounds "2"]
[SourceDate "2010.08.23"]

1. e4 e6 2. d4 d5 3. Nc3 Nf6 4. exd5 exd5 5. Nf3 Bd6 6. Nb5 O-O 7. Nxd6 Qxd6 8.
Bd3 Re8+ 9. Be2 Nc6 10. O-O Bg4 11. c3 Bh5 12. Re1 Re6 13. b3 Rae8 14. Bd2 Qe7
15. Kf1 Ne4 16. Rc1 Qd6 17. Kg1 Qa3 18. Rc2 Bxf3 19. Bxf3 Nxd2 0-1

[Event "30PCR_F"]
[Site "?"]
[Date "2014.10.27"]
[Round "?"]
[White "Pressl, Ladislav"]
[Black "Goc, Pavel"]
[Result "0-1"]
[WhiteElo "1823"]
[BlackElo "2241"]
[PlyCount "48"]
[EventDate "2014.??.??"]
[EventType "corr"]
[EventRounds "2"]
[SourceDate "2010.08.23"]

1. e4 e5 2. Nf3 Nc6 3. Bb5 a6 4. Ba4 Nf6 5. O-O Nxe4 6. Re1 Nc5 7. Bxc6 dxc6 8.
d4 Ne6 9. dxe5 Be7 10. Be3 O-O 11. Qe2 b5 12. Nbd2 c5 13. Ne4 Bb7 14. Red1 Qe8
15. Nc3 c4 16. Nd5 Rd8 17. Nxe7+ Qxe7 18. Rxd8 Rxd8 19. c3 Nf8 20. Bf4 Ng6 21.
Bg3 Bxf3 22. gxf3 h5 23. h3 h4 24. Bh2 Qg5+ 0-1